| 000 | 00984nam a22002537a 4500 | ||
|---|---|---|---|
| 005 | 20170124103035.0 | ||
| 010 | _aA-433228 | ||
| 020 | _c75.00 | ||
| 035 | _aA-433228 | ||
| 037 | _bCen Lib/Ret | ||
| 040 |
_aDPL _bHN |
||
| 082 |
_aउ _bअग्रवा |
||
| 100 |
_aअग्रवाल, प्रमोद कुमार _965280 |
||
| 245 |
_aस्वदेश / _cप्रमोद कुमार अग्रवाल |
||
| 246 |
_aSwadesh / _bby Pramod Kumar Agarwal |
||
| 260 |
_aइलाहाबाद _bसाहित्य संगम _c1990 |
||
| 270 |
_aनया 100 लूकरगंज _bइलाहाबाद _e211001 |
||
| 300 |
_a164पृ. _c20सेमी(सजिल्द ) |
||
| 650 |
_aहिंदी साहित्य _x _z _965281 |
||
| 650 |
_aहिंदी उपन्यास _965282 |
||
| 650 |
_aHindi literature _v _965283 |
||
| 650 |
_aHindi fiction _927248 |
||
| 942 |
_2ddc _cHN _hउ _mअग्रवा |
||
| 999 |
_c116194 _d116194 |
||